000 00449nam a22001577a 4500
005 20251108175208.0
008 250721s1993 xx 000 0 ara d
082 1 4 _a811.9/حدا
100 1 _aحداد، فؤاد
245 1 0 _aأيام العجب و الموت /
264 1 _aالقاهرة :
_bالمركز المصري العربي،
_c1993.
300 _a177ص.
650 1 7 _aالشعر العربي
942 _2ddc
_cBK
999 _c128423
_d128423